000 00348nam a2200133Ia 4500
008 220120s9999||||xx |||||||||||||| ||und||
020 _a9788177581218
082 _a669 DIE
100 _aDieter, George E
245 0 _aMechanical Metallurgy
260 _aMc graw hill
_bNew delhi
_c1988
300 _aXVIII, 486p.
_b385
650 _aCOMPUTER SCIENCE
999 _c132715
_d132715